00821nam a2200241Ia 450000100060000000300090000600800410001504000130005604000130006904100130008210000210009510000290011624500760014524500720022125000110029326000110030426000100031526000490032530000590037450000940043365000210052765000310054884332IT-RoPAU130308s9999 xx 000 0 und d aIT-RoPAU cIT-RoPAU aITALIANO aZaccaria Roberto gCodice Aut. SPICS: 3420 aBrevi note sull'attuazione della legge N.10 del 1985: una legge inutile bRapporto Annuale Sui Problemi giuridici dell'informazione 1986-1987 a1a ed. aPADOVA bCedam c1988 [1° Ed.:1988 - Ed.Ling.Originale:1988] a"24 p. (prefazione: no ; testo: 24 [pagine: 231-254])" aPrincipali contenuti della legge N.10 Riserva Allo Stato della Trasmissione via Satellite aDIRITTO GENERALE eCodice materia Spics: 4601